Housing design and society in Amsterdam : reconfiguring urban order and identity, 1900-1920

Αποθηκεύτηκε σε:
Λεπτομέρειες βιβλιογραφικής εγγραφής
Κύριος συγγραφέας: Stieber, Nancy
Μορφή: Βιβλίο
Γλώσσα:English
Δημοσίευση: Chicago : University of Chicago Press, 1998
Θέματα:
Ετικέτες: Προσθήκη ετικέτας
Δεν υπάρχουν, Καταχωρήστε ετικέτα πρώτοι!

MARC

LEADER 00000nam a2200000 i 4500
001 1/50506
008 070803s1998 eng d
020 |a 0-226-77417-1 (hbk.) 
035 |l 10089474 
040 |a GR-MY-UA  |b gre  |e aacr 
041 0 |a eng 
082 0 |a 363.5962309492352  |2 (22) 
100 1 |a Stieber, Nancy. 
245 1 0 |a Housing design and society in Amsterdam :  |b reconfiguring urban order and identity, 1900-1920 /  |c Nancy Stieber 
260 |a Chicago :   |b University of Chicago Press,   |c 1998 
300 |a viii, 386 σ.;  |b εικ.;  |c 25 εκ. 
504 |a Βιβλιογραφία: σ. 282-365 
504 |a Περιέχει ευρετήριο 
650 0 0 |a Working class  |x Dwellings  |z Netherlands  |z Amsterdam  |x History  |y 20th century. 
650 0 0 |a Architecture and state  |z Netherlands  |z Amsterdam. 
650 0 0 |a International style (Architecture)  |z Netherlands  |z Amsterdam. 
651 0 |a Amsterdam (Netherlands)  |x Buildings, structures, etc. 
852 |a INST  |b LESVOS  |e 20070803  |h 363.5962309492352 STI  |p 005100039273  |q 005100039273  |t BK  |y 0 
901 |a BIBL1-2007-2 
909 |a Λ  |b 137435 
922 |a 1ΕΛΗ  |b 200707  |c ΕΠΕΑΕΚ2/ΤΚΑ  |d ΕΛΕΥΘΕΡΟΥΔΑΚΗΣ 
970 |a ΒΑΡΚΑ  |b ΕΛΕΥΘΕΡΙΑ  |z 2007/08/03